000 00442nab a22001457 4500
003 ES-SlBCS
005 20210327224141.0
008 160426s2016 SP ||||| |||| 00| 0 spa d
040 _aES-SlBCS
_bspa
041 _aspa
100 1 _aSuárez, Ana Lourdes
_9106368
245 1 0 _aFamilias pobres en las periferias de Buenos Aires
_cAna Lourdes Suárez
773 0 _gNúm. 365, 2016, págs. 57-68
_tConcilium
_wRev134
_x0210-1041
942 _2lcc
_cAR
999 _c467673
_d467673